Biblioteca

Hechos de los Apóstoles (Registro nro. 63835)

Detalles MARC
000 -LÍDER
Campo fijo de descripción fija 01162cam a22003614i 4500
001 - NÚMERO DE CONTROL
Campo de control 768714001
003 - IDENTIFICADOR DEL NÚMERO DE CONTROL
Campo de control SpMaBN
005 - FECHA Y HORA DE LA ULTIMA TRANSACCIÓN
control field 20181013090646.0
008 - ELEMENTOS DE LONGITUD FIJA -- INFORMACIÓN GENERAL
Campo fijo de descripción fija -- Información general 150519s2015 sp a | |||| 000 0 spa
017 ## - COPYRIGHT OR LEGAL DEPOSIT NUMBER
Copyright or legal deposit number M 5292-2015
Assigning agency Oficina Depósito Legal Madrid
020 ## - NÚMERO INTERNACIONAL NORMALIZADO PARA LIBROS
Número Internacional Normalizado del libro 9788422017950
040 ## - FUENTE DE CATALOGACIÓN
Agencia de catalogación original SpMaBN
Idioma de catalogación spa
Agencia que realiza la transcripción CO-MdFUSB
Convenciones de la descripción rdc
Agencia que realiza la modificación CO-MdFUSBC
041 ## - CÓDIGO DE IDIOMA
Código de idioma para texto/pista de sonido o título separado spa
080 ## - UNIVERSAL DECIMAL CLASSIFICATION NUMBER
Universal Decimal Classification number 27-248.2-273
082 ## - NÚMERO DE CLASIFICACIÓN DECIMAL DEWEY
Número de la edición del Dewey 23
Número de clasificación 226.607
Clave de autor-Numero de item R696h
100 1# - ASIENTO PRINCIPAL--NOMBRE PERSONAL
Nombre personal Rodríguez Carmona, Antonio
Fechas asociadas con el nombre 1933-
Término relacionador autor
245 00 - TÍTULO
Título del Material Hechos de los Apóstoles
Mención de responsabilidad, etc. Antonio Rodríguez Carmona
264 #1 - PRODUCCIÓN, PUBLICACIÓN, DISTRIBUCIÓN, MANUFACTURA, Y COPYRIGHT
Lugar de producción, publicación, distribución, manufactura Madrid :
Nombre del productor, publicador, distribuidor Biblioteca de Autores Cristianos,
Fecha de producción, publicación, distribución, manufactura, o copyright ℗[2015]
264 #4 - PRODUCCIÓN, PUBLICACIÓN, DISTRIBUCIÓN, MANUFACTURA, Y COPYRIGHT
Lugar de producción, publicación, distribución, manufactura ©2015
300 ## - DESCRIPCIÓN FÍSICA
Extensión XCII, 346 páginas ;
Dimensiones 21 cm
336 ## - TIPO DE CONTENIDO
Término de tipo de contenido texto
Fuente rdacontent
Código de tipo de contenido txt
337 ## - TIPO DE MEDIO
Nombre del tipo de medio sin mediación
Fuente rdamedia
Código del tipo de medio n
338 ## - TIPO DE SOPORTE
Fuente rdacarrier
Nombre del tipo de soporte volumen
Código Tipo de soporte nc
490 0# - MENCIÓN DE SERIE
Mención de serie Comprender la palabra
504 ## - NOTA DE BIBLIOGRAFÍA, ETC.
Nota de bibliografía, etc Bibliografía: p. [343]-346
505 ## - NOTA DE CONTENIDO
Título Testimonio en Palestina (1-12)
-- Testimonio de Pablo hasta el "Confin de la tierra" (13-28)
563 ## - NOTA DE ENCUADERNACIÓN
Nota de encuadernación Tapa rústica
630 07 - TITULO UNIFORME
Título uniforme Biblia.
Nombre de parte o sección de la obra Hechos
Subdivisión de forma Comentarios
Fuente embne
830 ## - PUNTO DE ACCESO ADICIONAL DE SERIE - TÍTULO UNIFORME
Número de parte o sección de la obra 30
942 ## - TIPO DE MATERIAL (KOHA)
Tipo de Item KOHA Libros General
Existencias
Estado de Material Estado de Perdido Forma de Clasificación Estado de Dañado No para Préstamo Colección Biblioteca de Origen Biblioteca Permanente Fecha de Adquisición Total de Préstamos Total de Renovaciones Signatura Topográfica Código de Barras Última vez visto Última vez Préstado Ejemplar/Existencia Fecha de Remplazo Tipo de Material
    Dewey Decimal Classification     Colección General Biblioteca FUSBC Biblioteca FUSBC 07/03/2017 25 14 G 226.607 R696h 5330 24/03/2026 19/02/2025 Ej. 1 07/03/2017 Libros General

Biblioteca FUSBC | Teléfono: (57+4) 349 88 10 Ext. 141| WhatsApp (+57) 3005338115 
E-mail: biblioteca@unisbc.edu.co | Calle 76 87-14 Robledo Palenque, Medellín, Colombia

Con tecnología Koha